Cost & Management Accounting (Record no. 630)

MARC details
000 -LEADER
fixed length control field 00408nam a22001697a 4500
005 - DATE AND TIME OF LATEST TRANSACTION
control field 20180615103554.0
008 - FIXED-LENGTH DATA ELEMENTS--GENERAL INFORMATION
fixed length control field 160512b xxu||||| |||| 00| 0 eng d
020 ## - INTERNATIONAL STANDARD BOOK NUMBER
ISBN 81-203-1372-0
041 ## - LANGUAGE CODE
Language code of text/sound track or separate title eng
082 ## - DEWEY DECIMAL CLASSIFICATION NUMBER
Item number 1562
Classification number 657.42
100 ## - MAIN ENTRY--AUTHOR NAME
Personal name Williamson, Duncan
245 ## - TITLE STATEMENT
Title Cost & Management Accounting
260 ## - PUBLICATION, DISTRIBUTION, ETC. (IMPRINT)
Place of publication New Delhi
Name of publisher PHI,
Year of publication 1996
300 ## - PHYSICAL DESCRIPTION
Number of Pages 178
650 ## - SUBJECT ADDED ENTRY--TOPICAL TERM
Topical Term Management
942 ## - ADDED ENTRY ELEMENTS (KOHA)
Koha item type Books
Holdings
Lost status Damaged status Collection code Home library Current library Shelving location Date acquired Cost, normal purchase price Full call number Accession Number Koha item type
    MANAGEMENT JRU Library JRU Library SHELF -72 - K 12/05/2016 75.00 657.42 1562 Books
    Reference JRU Library   SHELF-28-I 12/05/2016 75.00 657.42 1563 Books
      JRU Library   SHELF-15-G 12/05/2016 75.00 657.42 1564 Books
    MANAGEMENT JRU Library JRU Library SHELF -72 - K 12/05/2016 75.00 657.42 1565 Books
    MANAGEMENT JRU Library JRU Library SHELF -72 - K 12/05/2016 75.00 657.42 1566 Books
    MANAGEMENT JRU Library JRU Library SHELF -72 - K 12/05/2016 75.00 657.42 1567 Books